00857nam a2200265 i 4500001000300000003000400003005001700007008004100024015001700065020001500082040001400097041001300111080001200124080001200136100003600148245010600184246008900290260006700379300002800446490002800474650001400502655001300516700003500529830002700564bgBPK20221205144843.0000315s1999 pl a f f |001 0 pol d aPB 2000/5271 a8372300291 aWA NcBPK1 apolheng a339.138 a(083.1)1 aKotler, Philipd(1931- )eAutor10aKotler o marketingu :bjak kreować i opanowywać rynki /cPhilip Kotler ; przeł. Magdalena Loska.1 iTyt. oryg.:aKotler on marketing :bhow to create, win, and dominate markets,f1999. aKraków :bWydaw. Profesjonalnej Szkoły Biznesu,ccop. 1999. a297 s. :bil. ;c21 cm.1 aBiblioteka Menedżera. 4aMarketing 4aPoradnik1 aLoska, MagdalenaeTłumaczenie 0aBiblioteka Menedżera